000 00322nam a2200097Ia 4500
008 230915s9999 xx 000 0 und d
050 _aR 728.8 .Y68 2011
100 _aYOUNG-ADAMS,PATRICIA ALEXANDRA
245 0 _aPROCEDURE CHECKLISTS MANUAL FOR KINN'STHE MEDICAL ASSISTANT:AN APPLIED SCIENCE LEARNIG APPROACH
942 _cBK
999 _c194673
_d194673